[Event "Nuremberg LGA Cup 9th"]
[Site "Nuremberg"]
[Date "2012.09.08"]
[Round "5"]
[White "Liepold, Stefan"]
[Black "Hartmann, Thomas"]
[Result "1-0"]
[WhiteElo "2161"]
[BlackElo "2005"]
[PlyCount "75"]
[EventDate "2012.09.06"]
[EventType "swiss"]
[EventRounds "7"]
[EventCountry "GER"]
[SourceTitle "CBM 150 Extra"]
[Source "ChessBase"]
[SourceDate "2012.10.19"]
[SourceVersion "1"]
[SourceVersionDate "2012.10.19"]
[SourceQuality "1"]

1. e4 d5 2. exd5 Nf6 3. Bb5+ Bd7 4. Be2 Nxd5 5. d4 Bf5 6. Nf3 e6 7. 0-0 Be7 8. c4 Nb4 9. Na3 0-0 10. Be3 c6 11. Qd2 N8a6 12. Rfd1 Qc8 13. Bg5 Bxg5 14. Qxg5 h6 15. Qd2 Rd8 16. c5 b5 17. cxb6 axb6 18. Nc4 Nd5 19. Rac1 Qb7 20. Nfe5 c5 21. Bf3 f6 22. Ng4 Qe7 23. Nge3 Nxe3 24. Qxe3 Rab8 25. d5 b5 26. Na5 e5 27. Nc6 Qd6 28. Nxb8 Rxb8 29. Be4 Bxe4 30. Qxe4 c4 31. Qe1 Nb4 32. Qe4 Na6 33. b3 Nb4 34. bxc4 Nxa2 35. c5 Qf8 36. Rc2 Ra8 37. d6 b4 38. Qd5+ 1-0

[Event "Nuremberg LGA Cup 9th"]
[Site "Nuremberg"]
[Date "2012.09.07"]
[Round "3"]
[White "Siegl, Melina"]
[Black "Hartmann, Thomas"]
[Result "0-1"]
[WhiteElo "1788"]
[BlackElo "2005"]
[PlyCount "72"]
[EventDate "2012.09.06"]
[EventType "swiss"]
[EventRounds "7"]
[EventCountry "GER"]
[SourceTitle "CBM 150 Extra"]
[Source "ChessBase"]
[SourceDate "2012.10.19"]
[SourceVersion "1"]
[SourceVersionDate "2012.10.19"]
[SourceQuality "1"]

1. e4 d5 2. exd5 Nf6 3. d4 Bg4 4. Be2 Bxe2 5. Nxe2 Qxd5 6. 0-0 Nc6 7. c4 Qxc4 8. b3 Qd5 9. Nbc3 Qh5 10. Qd3 0-0-0 11. Bb2 e5 12. d5 Nb4 13. Qc4 Nbxd5 14. Nxd5 Nxd5 15. Ng3 Qg5 16. Rfd1 c6 17. Rac1 Be7 18. a4 Qf4 19. Qe2 f6 20. Rc4 Qg5 21. Rg4 Nf4 22. Rxd8+ Rxd8 23. Qf3 Rd3 24. Rxg5 Rxf3 25. gxf3 Nh3+ 26. Kg2 Nxg5 27. Nf5 Bf8 28. Bc3 Kd7 29. Ne3 Ne6 30. b4 Nf4+ 31. Kf1 Nd5 32. Nxd5 cxd5 33. Ke2 Kc6 34. Kd3 d4 35. Bd2 Kd5 36. b5 f5 0-1

[Event "Nuremberg LGA Cup 9th"]
[Site "Nuremberg"]
[Date "2012.09.06"]
[Round "1"]
[White "Berchtenbreiter, Maximilian"]
[Black "Hartmann, Thomas"]
[Result "1-0"]
[WhiteElo "2328"]
[BlackElo "2005"]
[PlyCount "45"]
[EventDate "2012.09.06"]
[EventType "swiss"]
[EventRounds "7"]
[EventCountry "GER"]
[SourceTitle "CBM 150 Extra"]
[Source "ChessBase"]
[SourceDate "2012.10.19"]
[SourceVersion "1"]
[SourceVersionDate "2012.10.19"]
[SourceQuality "1"]

1. e4 d5 2. exd5 Nf6 3. d4 Bg4 4. Be2 Bxe2 5. Qxe2 Qxd5 6. Nf3 Nc6 7. 0-0 0-0-0 8. Be3 e6 9. c4 Qh5 10. Nc3 Rg8 11. Ng5 Qg6 12. Rad1 h6 13. Nh3 Qf5 14. c5 g5 15. b4 g4 16. Nf4 e5 17. dxe5 Rxd1 18. Rxd1 Nxe5 19. Nb5 Nf3+ 20. Kh1 c6 21. Nxa7+ Kb8 22. Rd8+ Kxa7 23. Qb2 1-0

[Event "Rostock SSC 07 op 11th"]
[Site "Rostock"]
[Date "2012.08.01"]
[Round "2"]
[White "Hartmann, Thomas"]
[Black "Burmeister, Rick"]
[Result "0-1"]
[WhiteElo "2003"]
[BlackElo "2269"]
[PlyCount "44"]
[EventDate "2012.08.01"]
[EventType "swiss"]
[EventRounds "7"]
[EventCountry "GER"]
[SourceTitle "EXT 2017"]
[Source "ChessBase"]
[SourceDate "2016.10.25"]
[SourceVersion "1"]
[SourceVersionDate "2016.10.25"]
[SourceQuality "1"]

1. d4 e6 2. c4 f5 3. Nc3 Nf6 4. Bf4 Be7 5. e3 0-0 6. Be2 d5 7. Nf3 c6 8. Ne5 Nbd7 9. c5 Nxe5 10. Bxe5 Nd7 11. Bg3 e5 12. Qd2 f4 13. exf4 exd4 14. Qxd4 Bf6 15. Qd2 Nxc5 16. 0-0 d4 17. Bc4+ Kh8 18. Ne2 b5 19. Bd3 Nxd3 20. Qxd3 Qd5 21. Rac1 Bf5 22. Qa3 Rfe8 0-1

[Event "Nuremberg LGA Cup 8th"]
[Site "Nuremberg"]
[Date "2011.09.09"]
[Round "3"]
[White "Hartmann, Thomas"]
[Black "Fuchs, Judith"]
[Result "0-1"]
[WhiteElo "1932"]
[BlackElo "2189"]
[PlyCount "72"]
[EventDate "2011.09.08"]
[EventType "swiss"]
[EventRounds "7"]
[EventCountry "GER"]
[SourceTitle "CBM 144 Extra"]
[Source "ChessBase"]
[SourceDate "2011.10.28"]
[SourceVersion "1"]
[SourceVersionDate "2011.10.28"]
[SourceQuality "1"]

1. d4 Nf6 2. c4 g6 3. Nc3 Bg7 4. e4 d6 5. h3 a6 6. Bg5 0-0 7. Nge2 c5 8. dxc5 Qa5 9. Bd2 Qxc5 10. Ng3 Be6 11. Rc1 Nbd7 12. Nd5 Bxd5 13. cxd5 Qb6 14. b4 h5 15. Bd3 Rfc8 16. Qb3 Ne5 17. Rxc8+ Rxc8 18. Ne2 Nfd7 19. 0-0 Nc5 20. bxc5 Qxb3 21. axb3 Nxd3 22. cxd6 exd6 23. Nf4 Nc5 24. Rc1 Re8 25. Bb4 Nxe4 26. Rc7 b6 27. Rc6 a5 28. Ba3 b5 29. f3 b4 30. Bxb4 axb4 31. fxe4 Rxe4 32. Rc8+ Kh7 33. Rc4 Bd4+ 34. Kh2 Rxf4 35. Kg3 Be5 36. Rxf4 g5 0-1

[Event "Nuremberg LGA Cup 8th"]
[Site "Nuremberg"]
[Date "2011.09.08"]
[Round "1"]
[White "Mons, Leon"]
[Black "Hartmann, Thomas"]
[Result "1-0"]
[WhiteElo "2325"]
[BlackElo "1932"]
[PlyCount "75"]
[EventDate "2011.09.08"]
[EventType "swiss"]
[EventRounds "7"]
[EventCountry "GER"]
[SourceTitle "CBM 144 Extra"]
[Source "ChessBase"]
[SourceDate "2011.10.28"]
[SourceVersion "1"]
[SourceVersionDate "2011.10.28"]
[SourceQuality "1"]

1. e4 d5 2. exd5 Nf6 3. c4 e6 4. dxe6 Bxe6 5. d4 Bb4+ 6. Bd2 Qe7 7. Be2 Bxc4 8. Qa4+ Nc6 9. Bxb4 Qxb4+ 10. Qxb4 Nxb4 11. Bxc4 Nc2+ 12. Kd2 Nxa1 13. Nc3 0-0-0 14. Nf3 c5 15. d5 a6 16. a4 b5 17. axb5 axb5 18. Nxb5 Ne4+ 19. Ke3 Nc2+ 20. Kxe4 Nb4 21. Ra1 Rhe8+ 22. Kf4 Kb8 23. d6 f5 24. Ne5 g6 25. f3 g5+ 26. Kxf5 Rf8+ 27. Kxg5 h6+ 28. Kxh6 Rf5 29. Nf7 Rg8 30. d7 Nc6 31. Rd1 Nd8 32. Nxd8 Rxd8 33. Kg6 Rf4 34. b3 Kb7 35. g3 Rxf3 36. Bd5+ Kb8 37. Ra1 Rg8+ 38. Kh7 1-0

[Event "Wuerttemberg-ch KT"]
[Site "Lauffen am Neckar"]
[Date "2011.08.30"]
[Round "4"]
[White "Hartmann, Thomas"]
[Black "Steinbach, Peter"]
[Result "1-0"]
[WhiteElo "1999"]
[BlackElo "2027"]
[PlyCount "85"]
[EventDate "2011.08.26"]
[EventType "swiss"]
[EventRounds "9"]
[EventCountry "GER"]
[SourceTitle "EXT 2017"]
[Source "ChessBase"]
[SourceDate "2016.10.25"]
[SourceVersion "1"]
[SourceVersionDate "2016.10.25"]
[SourceQuality "1"]

1. d4 d5 2. c4 Nc6 3. Bf4 Nf6 4. e3 dxc4 5. Nc3 Bf5 6. Bxc4 e6 7. Bb5 Bb4 8. Nge2 0-0 9. Bxc6 bxc6 10. a3 Bd6 11. Bg5 Qb8 12. Bxf6 gxf6 13. Qd2 Qb7 14. Ng3 Bg6 15. Nce4 Be7 16. 0-0 Rfb8 17. b4 a5 18. bxa5 Qb5 19. Rfc1 Rxa5 20. h4 Qd5 21. Nc3 Qd7 22. Nce4 Rba8 23. Qc3 R8a6 24. Rcb1 Ra8 25. Rb7 Qd5 26. Rxc7 Kf8 27. Qxc6 Qxc6 28. Rxc6 f5 29. Nd2 Bxh4 30. Nc4 Rb5 31. Ne2 Be7 32. a4 Rb4 33. Nb6 Ra7 34. a5 f4 35. Nxf4 Be4 36. Rc8+ Kg7 37. Nc4 Bb7 38. Rc7 Bd8 39. Rd7 Rxc4 40. Nxe6+ Kf6 41. Nxd8 Ra8 42. Rxf7+ Kg6 43. Nxb7 1-0

[Event "Wuerttemberg-ch KT"]
[Site "Lauffen am Neckar"]
[Date "2011.08.29"]
[Round "3"]
[White "Mayer, Alexander"]
[Black "Hartmann, Thomas"]
[Result "0-1"]
[WhiteElo "1798"]
[BlackElo "1999"]
[PlyCount "94"]
[EventDate "2011.08.26"]
[EventType "swiss"]
[EventRounds "9"]
[EventCountry "GER"]
[SourceTitle "EXT 2017"]
[Source "ChessBase"]
[SourceDate "2016.10.25"]
[SourceVersion "1"]
[SourceVersionDate "2016.10.25"]
[SourceQuality "1"]

1. c4 b6 2. Nc3 Bb7 3. Nf3 Bxf3 4. exf3 c5 5. d4 cxd4 6. Qxd4 Nc6 7. Qd1 e6 8. a3 Rc8 9. Be2 Nf6 10. Bg5 Be7 11. 0-0 0-0 12. Rc1 d5 13. cxd5 Nxd5 14. Bxe7 Ncxe7 15. Nxd5 Nxd5 16. Qa4 Qg5 17. Rxc8 Rxc8 18. g3 g6 19. Qxa7 Rc2 20. Qb8+ Kg7 21. Bd1 Rxb2 22. f4 Qf6 23. Bf3 Ra2 24. Qd6 Qd4 25. h4 h5 26. Bd1 Ra1 27. Be2 Ra2 28. Bf3 Qb2 29. Bxd5 exd5 30. Qxd5 Rxa3 31. f5 Ra1 32. fxg6 Rxf1+ 33. Kxf1 Qb1+ 34. Kg2 Qxg6 35. Qe5+ Kh7 36. f4 Qc2+ 37. Kh3 Qc8+ 38. f5 Qd8 39. Qe4 Qf6 40. Qf3 Qh6 41. Qd5 Qg7 42. Qe4 b5 43. Qb4 Qg4+ 44. Qxg4 hxg4+ 45. Kxg4 b4 46. Kg5 Kg7 47. h5 f6+ 0-1

[Event "Nuremberg LGA Cup 7th"]
[Site "Nuremberg"]
[Date "2010.09.05"]
[Round "6"]
[White "Strobl, Helmut"]
[Black "Hartmann, Thomas"]
[Result "0-1"]
[WhiteElo "1727"]
[BlackElo "1889"]
[PlyCount "110"]
[EventDate "2010.09.02"]
[EventType "swiss"]
[EventRounds "7"]
[EventCountry "GER"]
[SourceTitle "CBM 138 Extra"]
[Source "ChessBase"]
[SourceDate "2010.10.29"]
[SourceVersion "1"]
[SourceVersionDate "2010.10.29"]
[SourceQuality "1"]

1. c4 Nf6 2. g3 c5 3. Bg2 Nc6 4. Nc3 e6 5. e4 d6 6. Nge2 Nd4 7. Nxd4 cxd4 8. Ne2 e5 9. d3 Be7 10. 0-0 0-0 11. h3 a5 12. a4 Nd7 13. f4 Nc5 14. Qc2 Qb6 15. Ra3 Bd7 16. g4 Bh4 17. f5 f6 18. Kh2 Kf7 19. Ng1 h6 20. Bf3 Rh8 21. Bd1 Ke7 22. Nf3 Bg5 23. h4 Bxc1 24. Qxc1 Rag8 25. h5 Ra8 26. Qd2 Qb4 27. Qc2 Ra6 28. Rf2 Rb6 29. Qd2 Ra8 30. Qxb4 axb4 31. Ra1 Nxd3 32. Rd2 Nc5 33. b3 Nxe4 34. Re2 Nc3 35. Re1 Kf7 36. Nd2 Bc6 37. Bc2 Rd8 38. Bd3 Ra6 39. c5 Raa8 40. cxd6 Rxd6 41. Nc4 Rdd8 42. Nb6 Rab8 43. a5 Bb5 44. Bxb5 Nxb5 45. Ra4 d3 46. Rd1 Nc3 47. Rd2 Nxa4 48. Nxa4 Ra8 49. Nc5 Rxa5 50. Nxb7 Rad5 51. Nxd8+ Rxd8 52. Kg3 Rc8 53. Kf2 Rc2 54. Ke3 Rxd2 55. Kxd2 e4 0-1

[Event "Nuremberg LGA Cup 7th"]
[Site "Nuremberg"]
[Date "2010.09.03"]
[Round "3"]
[White "Hartmann, Thomas"]
[Black "Martin Fernandez, Rodrigo"]
[Result "0-1"]
[WhiteElo "1986"]
[BlackElo "2169"]
[PlyCount "122"]
[EventDate "2010.09.02"]
[EventType "swiss"]
[EventRounds "7"]
[EventCountry "GER"]
[SourceTitle "CBM 138 Extra"]
[Source "ChessBase"]
[SourceDate "2010.10.29"]
[SourceVersion "1"]
[SourceVersionDate "2010.10.29"]
[SourceQuality "1"]

1. d4 Nf6 2. c4 c5 3. Nf3 cxd4 4. Nxd4 g6 5. Nc3 Nc6 6. g3 Bg7 7. Bg2 0-0 8. 0-0 Nxd4 9. Qxd4 d6 10. Qd3 Rb8 11. Nb5 a6 12. Nd4 Bg4 13. h3 Bd7 14. Bd2 Qc8 15. Kh2 Rd8 16. e4 Qc5 17. f4 Ng4+ 18. hxg4 Qxd4 19. Qxd4 Bxd4 20. Rab1 Bxg4 21. Bf3 h5 22. b3 Kg7 23. Kg2 f5 24. Rbe1 Bxf3+ 25. Rxf3 fxe4 26. Rxe4 Bf6 27. Bc3 Bxc3 28. Rxc3 Rd7 29. Rce3 Kf7 30. Rd3 Rc8 31. Kh3 Rc5 32. b4 Rf5 33. Red4 Rc7 34. a4 a5 35. Rb3 axb4 36. Rxb4 Rfc5 37. g4 hxg4+ 38. Kxg4 Kf6 39. Re4 g5 40. fxg5+ Rxg5+ 41. Kf4 e5+ 42. Kf3 Rh7 43. c5 d5 44. Rb6+ Kf5 45. Re1 e4+ 46. Ke2 Rg2+ 47. Kd1 Ke5 48. c6 bxc6 49. Rxc6 Ra2 50. Rc1 Rhh2 51. Rg1 Rxa4 52. Rb1 Raa2 53. Ke1 Rhg2 54. Rxg2 Rxg2 55. Rb4 Ra2 56. Kd1 d4 57. Rb5+ Kf4 58. Rh5 d3 59. Rh4+ Ke3 60. Rh3+ Kd4 61. Rh8 Ra1+ 0-1

[Event "Ulm/Neu Ulm-ch"]
[Site "Ulm/Neu Ulm"]
[Date "2009.11.30"]
[Round "4"]
[White "Hartmann, Thomas"]
[Black "Spaeth, Gerhard"]
[Result "1/2-1/2"]
[WhiteElo "1871"]
[BlackElo "1683"]
[PlyCount "125"]
[EventDate "2009.09.18"]
[EventType "swiss"]
[EventRounds "5"]
[EventCountry "GER"]
[SourceTitle "EXT 2011"]
[Source "ChessBase"]
[SourceDate "2010.11.26"]
[SourceVersion "1"]
[SourceVersionDate "2010.11.26"]
[SourceQuality "1"]

1. d4 d5 2. c4 e6 3. Nc3 Nf6 4. Bg5 Nbd7 5. cxd5 exd5 6. e3 c6 7. Bd3 Be7 8. Qc2 h6 9. Bh4 Nh5 10. Bg3 Nxg3 11. hxg3 Nf6 12. Nf3 Bd6 13. a3 Qe7 14. Ne2 Ng4 15. Qd2 0-0 16. Rc1 Re8 17. Rc3 Bd7 18. Bb1 Nf6 19. Rb3 b5 20. Nh4 Ne4 21. Qc2 a5 22. f3 a4 23. Rc3 Nf6 24. Nf5 Bxf5 25. Qxf5 b4 26. Rd3 bxa3 27. bxa3 Bxa3 28. 0-0 Bd6 29. Nf4 Bxf4 30. gxf4 a3 31. Ba2 Rab8 32. Bb3 Ra8 33. Rc3 Qb7 34. Qc2 Ra6 35. Rb1 Qa8 36. Ba2 Re6 37. Rbb3 Nd7 38. Qc1 Nf6 39. Rxa3 Rxa3 40. Rxa3 Qb7 41. Rc3 Qa6 42. Qc2 Ne8 43. e4 Nf6 44. f5 Re8 45. e5 Nh5 46. Rxc6 Qa7 47. Rc5 Nf4 48. Kh2 Qb7 49. g3 Qb4 50. gxf4 Qxd4 51. Bxd5 Qxf4+ 52. Kg2 Rxe5 53. Bxf7+ Kxf7 54. Rc7+ Kg8 55. Rc8+ Kh7 56. f6+ Qf5 57. Qxf5+ Rxf5 58. fxg7 Kxg7 59. Rc7+ Kg6 60. Kg3 Kg5 61. Rc8 Kh5 62. Rg8 Rf6 63. Rg7 1/2-1/2

[Event "Ulm/Neu Ulm-ch"]
[Site "Ulm/Neu Ulm"]
[Date "2009.10.02"]
[Round "2"]
[White "Kuehn, Bernd"]
[Black "Hartmann, Thomas"]
[Result "1/2-1/2"]
[WhiteElo "1702"]
[BlackElo "1871"]
[PlyCount "81"]
[EventDate "2009.09.18"]
[EventType "swiss"]
[EventRounds "5"]
[EventCountry "GER"]
[SourceTitle "EXT 2011"]
[Source "ChessBase"]
[SourceDate "2010.11.26"]
[SourceVersion "1"]
[SourceVersionDate "2010.11.26"]
[SourceQuality "1"]

1. Nf3 Nf6 2. g3 d5 3. Bg2 c6 4. 0-0 Bf5 5. d3 e6 6. Nbd2 h6 7. b3 Be7 8. Bb2 0-0 9. Re1 a5 10. a4 Na6 11. e4 Bh7 12. e5 Nd7 13. Nd4 Nc7 14. Qe2 Rb8 15. f4 c5 16. N4f3 Na6 17. Kh1 Nb4 18. Rec1 Rc8 19. Ne1 Nb8 20. c3 N4c6 21. Ba3 Na6 22. Qf3 Qd7 23. Bh3 f6 24. exf6 Bxf6 25. Qe2 Rce8 26. Ndf3 Qd6 27. d4 Be4 28. Nd3 b6 29. Nde5 Bxe5 30. dxe5 Qc7 31. Bg2 Nab8 32. b4 Ne7 33. b5 Nd7 34. c4 Nf5 35. cxd5 Bxd5 36. Bb2 Qb7 37. Ne1 Ne7 38. Rd1 Rf5 39. Kg1 Bxg2 40. Nxg2 Nd5 41. Ne3 1/2-1/2

[Event "Ulm/Neu Ulm-ch"]
[Site "Ulm/Neu Ulm"]
[Date "2009.09.18"]
[Round "1"]
[White "Hartmann, Thomas"]
[Black "Zahn, Achim"]
[Result "1-0"]
[WhiteElo "1871"]
[BlackElo "1538"]
[PlyCount "45"]
[EventDate "2009.09.18"]
[EventType "swiss"]
[EventRounds "5"]
[EventCountry "GER"]
[SourceTitle "EXT 2011"]
[Source "ChessBase"]
[SourceDate "2010.11.26"]
[SourceVersion "1"]
[SourceVersionDate "2010.11.26"]
[SourceQuality "1"]

1. d4 d5 2. c4 e6 3. Nc3 Nf6 4. cxd5 exd5 5. Bg5 Be7 6. Qc2 c6 7. e3 0-0 8. Bd3 h6 9. Bh4 Re8 10. Nge2 Ne4 11. Bxe7 Qxe7 12. Bxe4 dxe4 13. Ng3 f5 14. 0-0 Be6 15. b3 Nd7 16. f3 Bd5 17. Nxf5 Qg5 18. fxe4 Be6 19. Rae1 Bxf5 20. Rxf5 Qe7 21. e5 Nb6 22. Ref1 Rac8 23. Qf2 1-0

[Event "Nuremberg LGA Cup 6th"]
[Site "Nuremberg"]
[Date "2009.09.06"]
[Round "7"]
[White "Kregelin, Jan"]
[Black "Hartmann, Thomas"]
[Result "1/2-1/2"]
[WhiteElo "2123"]
[BlackElo "2083"]
[PlyCount "42"]
[EventDate "2009.09.03"]
[EventType "swiss"]
[EventRounds "7"]
[EventCountry "GER"]
[SourceTitle "CBM 132 Extra"]
[Source "ChessBase"]
[SourceDate "2009.11.03"]
[SourceVersion "1"]
[SourceVersionDate "2009.11.03"]
[SourceQuality "1"]

1. d4 Nf6 2. c4 e6 3. Nc3 Bb4 4. Qc2 0-0 5. e4 d5 6. e5 Ne4 7. a3 Bxc3+ 8. bxc3 c5 9. Bd3 Qa5 10. Ne2 cxd4 11. cxd5 exd5 12. 0-0 dxc3 13. Rb1 Bd7 14. Bxe4 dxe4 15. Qxc3 Qxc3 16. Nxc3 Bc6 17. Re1 Re8 18. Bf4 Nd7 19. Nxe4 Bxe4 20. Rxe4 Nc5 21. Re3 b6 1/2-1/2

[Event "Nuremberg LGA Cup 6th"]
[Site "Nuremberg"]
[Date "2009.09.04"]
[Round "3"]
[White "Saathoff, Richard"]
[Black "Hartmann, Thomas"]
[Result "1/2-1/2"]
[WhiteElo "2163"]
[BlackElo "1977"]
[PlyCount "55"]
[EventDate "2009.09.03"]
[EventType "swiss"]
[EventRounds "7"]
[EventCountry "GER"]
[SourceTitle "CBM 132 Extra"]
[Source "ChessBase"]
[SourceDate "2009.11.03"]
[SourceVersion "1"]
[SourceVersionDate "2009.11.03"]
[SourceQuality "1"]

1. e4 d5 2. exd5 Nf6 3. Bb5+ Bd7 4. Be2 Nxd5 5. d4 Bf5 6. Nf3 e6 7. 0-0 Be7 8. a3 0-0 9. c4 Nf6 10. Nh4 Bg4 11. Bxg4 Nxg4 12. Nf3 Nd7 13. h3 Ngf6 14. Nc3 c5 15. Be3 Rc8 16. d5 exd5 17. Nxd5 Nxd5 18. Qxd5 Qc7 19. Rad1 Rcd8 20. Qf5 Nf6 21. Bf4 Qb6 22. Be5 Qb3 23. Rxd8 Rxd8 24. Ng5 Rd1 25. Rxd1 Qxd1+ 26. Kh2 Qd7 27. Qf4 h6 28. Nf3 1/2-1/2

[Event "Nuremberg LGA Cup 4th"]
[Site "Nuremberg"]
[Date "2007.09.06"]
[Round "6"]
[White "Hartmann, Thomas"]
[Black "Giessmann, Stephan"]
[Result "0-1"]
[WhiteElo "1860"]
[BlackElo "2195"]
[PlyCount "80"]
[EventDate "2007.09.06"]
[EventType "swiss"]
[EventRounds "7"]
[EventCountry "GER"]
[SourceTitle "CBM 120 Extra"]
[Source "ChessBase"]
[SourceDate "2007.11.01"]
[SourceVersion "1"]
[SourceVersionDate "2007.11.01"]
[SourceQuality "1"]

1. d4 d5 2. c4 e6 3. Nc3 Nf6 4. Bg5 Be7 5. cxd5 exd5 6. e3 c6 7. Qc2 0-0 8. Bd3 Nbd7 9. Nge2 Re8 10. 0-0 Nf8 11. f3 a6 12. Kh1 Be6 13. Rad1 Qa5 14. a3 Rac8 15. b4 Qc7 16. e4 dxe4 17. fxe4 a5 18. Ng3 axb4 19. axb4 Rcd8 20. Bxf6 Bxf6 21. e5 Be7 22. Nf5 Bxb4 23. Nb5 Qb6 24. Nbd6 Bxd6 25. Nxd6 Re7 26. Bc4 Ra8 27. Rf3 Qb4 28. Bd3 Bg4 29. Nf5 Bxf3 30. Nxe7+ Qxe7 31. gxf3 Qh4 32. Bc4 Qf4 33. Qg2 Ra3 34. Be2 Ra2 35. Rg1 g6 36. Rd1 Qe3 37. Re1 Qxd4 38. e6 Nxe6 39. Qg3 Qf4 40. Bc4 Qxc4 0-1

[Event "Ulm/Neu Ulm-ch"]
[Site "Ulm/Neu Ulm"]
[Date "2006.12.15"]
[Round "7"]
[White "Mueller, Philipp"]
[Black "Hartmann, Thomas"]
[Result "0-1"]
[WhiteElo "1768"]
[BlackElo "1850"]
[PlyCount "40"]
[EventDate "2006.09.22"]
[EventType "swiss"]
[EventRounds "7"]
[EventCountry "GER"]
[SourceTitle "EXT 2011"]
[Source "ChessBase"]
[SourceDate "2010.11.26"]
[SourceVersion "1"]
[SourceVersionDate "2010.11.26"]
[SourceQuality "1"]

1. e4 d5 2. exd5 Nf6 3. d4 Bg4 4. Be2 Bxe2 5. Qxe2 Qxd5 6. Nf3 e6 7. 0-0 Nc6 8. Nc3 Qf5 9. Be3 0-0-0 10. Rfd1 Rg8 11. a4 g5 12. a5 a6 13. Rab1 g4 14. Nh4 Qxa5 15. Ra1 Qb4 16. Ra4 Qxb2 17. Bd2 Rxd4 18. Ra2 Qb4 19. Ra4 Qd6 20. Rda1 Qe5 0-1

[Event "Karl Mala Memorial op 09th"]
[Site "Frankfurt"]
[Date "2005.07.31"]
[Round "7"]
[White "Mayer, Frank1111"]
[Black "Hartmann, Thomas"]
[Result "1-0"]
[WhiteElo "2090"]
[BlackElo "1796"]
[PlyCount "73"]
[EventDate "2005.07.28"]
[EventType "swiss"]
[EventRounds "7"]
[EventCountry "GER"]
[SourceTitle "EXT 2006"]
[Source "ChessBase"]
[SourceDate "2005.11.24"]
[SourceVersion "1"]
[SourceVersionDate "2005.11.24"]
[SourceQuality "1"]

1. e4 g6 2. d4 Bg7 3. Nc3 Nc6 4. Be3 d6 5. d5 Ne5 6. f4 Nd7 7. Nf3 c5 8. dxc6 bxc6 9. Bd4 f6 10. Bc4 e5 11. fxe5 fxe5 12. Be3 Nb6 13. Bxg8 Rxg8 14. 0-0 Ba6 15. Rf2 Nc4 16. Bg5 Qc7 17. b3 Na5 18. Rd2 Nb7 19. Na4 h6 20. Bh4 g5 21. Bf2 Bb5 22. Nb2 Rf8 23. c4 Ba6 24. Nd3 c5 25. b4 Bxc4 26. bxc5 Bxd3 27. cxd6 Nxd6 28. Rxd3 Rd8 29. Rc1 Qb8 30. Bc5 Nxe4 31. Rxd8+ Qxd8 32. Qa4+ Kf7 33. Qxe4 Re8 34. h3 Qa5 35. Qd5+ Kg6 36. Qc6+ Kf7 37. Qd7+ 1-0

[Event "Rhein Main op 08th"]
[Site "Bad Homburg"]
[Date "2005.05.30"]
[Round "7"]
[White "Karsten, Heinrich"]
[Black "Hartmann, Thomas"]
[Result "1-0"]
[WhiteElo "2030"]
[BlackElo "1777"]
[PlyCount "183"]
[EventDate "2005.05.25"]
[EventType "swiss"]
[EventRounds "7"]
[EventCountry "GER"]
[SourceTitle "EXT 2006"]
[Source "ChessBase"]
[SourceDate "2005.11.24"]
[SourceVersion "1"]
[SourceVersionDate "2005.11.24"]
[SourceQuality "1"]

1. e4 g6 2. d4 Bg7 3. c4 Nc6 4. Nf3 e5 5. d5 Nd4 6. Nc3 c5 7. dxc6 dxc6 8. Be3 c5 9. Qd2 Ne7 10. Bxd4 exd4 11. Nd5 Nxd5 12. cxd5 0-0 13. 0-0-0 Re8 14. Bd3 Bg4 15. Rhe1 Bxf3 16. gxf3 Qh4 17. Kb1 Bh6 18. Qe2 Qxh2 19. e5 Rad8 20. e6 fxe6 21. dxe6 Re7 22. Rh1 Qf4 23. Rdg1 Bg7 24. Rg4 Qf6 25. Qe4 c4 26. Rf4 Qe5 27. Bxc4 Qxe4+ 28. Rxe4 Rc8 29. Bd3 Rc6 30. f4 a6 31. Re2 Rc5 32. f5 gxf5 33. Rh5 Rec7 34. a3 Re7 35. Rxf5 Rxf5 36. Bxf5 Bf6 37. Kc2 h5 38. f4 Rc7+ 39. Kd3 Rc5 40. Be4 b6 41. Bb7 Kf8 42. Bxa6 Ke7 43. Bc4 h4 44. Rh2 Kd6 45. a4 Rh5 46. Rh3 Kc5 47. b3 Rh7 48. Ke4 Rg7 49. Kf5 Be7 50. Ke5 Rg3 51. Rh1 Re3+ 52. Kf5 d3 53. Rd1 Kd4 54. Kg6 Kc3 55. f5 Kc2 56. Rxd3 Rxd3 57. Bxd3+ Kxd3 58. f6 Bxf6 59. Kxf6 h3 60. e7 h2 61. e8Q h1Q 62. Qb5+ Kc2 63. Ke7 Qg1 64. Kd6 Qe3 65. Qc4+ Kb2 66. b4 Ka3 67. b5 Qd2+ 68. Kc7 Qf2 69. Kb7 Qe3 70. Ka6 Qf2 71. Qc6 Kxa4 72. Qxb6 Qe2 73. Qd4+ Kb3 74. Qd5+ Kb4 75. Kb6 Qe3+ 76. Ka6 Qe2 77. Qd4+ Kb3 78. Ka5 Qa2+ 79. Kb6 Qe2 80. Kc6 Qe6+ 81. Qd6 Qe8+ 82. Qd7 Qg6+ 83. Kb7 Qe4+ 84. Qc6 Qe7+ 85. Ka6 Qa3+ 86. Kb6 Qe7 87. Qd5+ Kb4 88. Ka6 Qf6+ 89. b6 Qa1+ 90. Kb7 Qg7+ 91. Kc6 Qf8 92. Qd6+ 1-0

[Event "Rhein Main op 08th"]
[Site "Bad Homburg"]
[Date "2005.05.27"]
[Round "4"]
[White "Hartmann, Thomas"]
[Black "Kanning, Thorsten"]
[Result "1-0"]
[WhiteElo "1777"]
[BlackElo "1582"]
[PlyCount "103"]
[EventDate "2005.05.25"]
[EventType "swiss"]
[EventRounds "7"]
[EventCountry "GER"]
[SourceTitle "EXT 2006"]
[Source "ChessBase"]
[SourceDate "2005.11.24"]
[SourceVersion "1"]
[SourceVersionDate "2005.11.24"]
[SourceQuality "1"]

1. g3 d5 2. Bg2 Nf6 3. d3 c6 4. Nc3 g6 5. e4 dxe4 6. dxe4 Qxd1+ 7. Nxd1 Nbd7 8. b3 Bg7 9. Bb2 0-0 10. Nc3 e5 11. f3 Re8 12. Nge2 b5 13. Kf2 Bb7 14. Rad1 Rad8 15. Bh3 h6 16. Rd2 Nc5 17. Rxd8 Rxd8 18. Rd1 Rxd1 19. Nxd1 Nh7 20. Ne3 Ng5 21. Bf1 Bc8 22. Nc1 h5 23. c4 a6 24. Nd3 Nxd3+ 25. Bxd3 Ne6 26. Nc2 Bb7 27. Bf1 f6 28. cxb5 axb5 29. Nb4 Bf8 30. Nd3 Nc5 31. Bc1 Nxd3+ 32. Bxd3 Kf7 33. a4 Ba6 34. Be3 Ke6 35. h4 Be7 36. g4 hxg4 37. fxg4 Kf7 38. h5 Kg7 39. Be2 g5 40. Ke1 Bf8 41. Kd2 Kf7 42. Kc3 Ke6 43. Bc1 Kd7 44. Kb2 Kc7 45. Ka2 Kb6 46. Ba3 b4 47. Bxa6 Kxa6 48. Bc1 c5 49. Be3 Ka5 50. h6 Bxh6 51. Bxc5 Bg7 52. Be7 1-0

[Event "Rhein Main op 08th"]
[Site "Bad Homburg"]
[Date "2005.05.26"]
[Round "3"]
[White "Taeger, Torsten"]
[Black "Hartmann, Thomas"]
[Result "1-0"]
[WhiteElo "2132"]
[BlackElo "1777"]
[PlyCount "67"]
[EventDate "2005.05.25"]
[EventType "swiss"]
[EventRounds "7"]
[EventCountry "GER"]
[SourceTitle "EXT 2006"]
[Source "ChessBase"]
[SourceDate "2005.11.24"]
[SourceVersion "1"]
[SourceVersionDate "2005.11.24"]
[SourceQuality "1"]

1. e4 g6 2. d4 Bg7 3. Nc3 Nc6 4. Nge2 e5 5. d5 Nce7 6. d6 cxd6 7. Qxd6 a6 8. Be3 Bf8 9. Qxe5 f6 10. Qg3 b5 11. a3 Bb7 12. Nf4 Qa5 13. Bd2 Qc7 14. Bd3 Rc8 15. 0-0 Nh6 16. Qh3 Nf7 17. Nfd5 Nxd5 18. Nxd5 Bxd5 19. exd5 Ne5 20. Bf4 Bd6 21. Bxe5 Bxe5 22. d6 Qxd6 23. Bxg6+ Ke7 24. Bf5 Rc5 25. Rad1 Rd5 26. Qh5 Bxh2+ 27. Kh1 Be5 28. Rxd5 Qxd5 29. Rd1 Qc4 30. Rxd7+ Kf8 31. Bd3 Qe6 32. Rd8+ Kg7 33. Rxh8 Kxh8 34. Qxh7# 1-0